Kartelové dohody vo verejnom obstarávaní bakalárska práca

Gespeichert in:
Bibliographische Detailangaben
1. Verfasser: Mitrová, Anna Mária
Körperschaft: Podnikovohospodárska fakulta EU so sídlom v Košiciach. Katedra obchodného podnikania
Weitere Verfasser: Bobenič Hintošová, Aneta, 1979-
Format: Buch
Sprache:Slowakisch
Veröffentlicht: Košice 2024
Tags: Tag hinzufügen
Keine Tags, Fügen Sie das erste Tag hinzu!

MARC

LEADER 00000nbm a2200000 4500
001 0301496
005 20260127093826.7
041 0 |a slo 
044 |a SK 
245 1 0 |a Kartelové dohody vo verejnom obstarávaní  |b bakalárska práca  |c Anna Mária Mitrová ; školiteľ: Aneta Bobenič Hintošová 
264 1 |a Košice  |c 2024 
300 |a 56 s. 
100 1 |a Mitrová, Anna Mária 
700 1 |a Bobenič Hintošová, Aneta, 1979- 
710 2 |a Podnikovohospodárska fakulta EU so sídlom v Košiciach. Katedra obchodného podnikania